Here at the New Yorker / (Record no. 779)

000 -LEADER
fixed length control field 01114nam a22003617a 4500
001 - CONTROL NUMBER
control field 2679032
003 - CONTROL NUMBER IDENTIFIER
control field OSt
005 - DATE AND TIME OF LATEST TRANSACTION
control field 20210422053423.0
008 - FIXED-LENGTH DATA ELEMENTS--GENERAL INFORMATION
fixed length control field 741016s1975 nyua 001 0aeng
010 ## - LIBRARY OF CONGRESS CONTROL NUMBER
LC control number 74023927
020 ## - INTERNATIONAL STANDARD BOOK NUMBER
International Standard Book Number 0394489896
040 ## - CATALOGING SOURCE
Original cataloging agency DLC
Transcribing agency DLC
Modifying agency DLC
043 ## - GEOGRAPHIC AREA CODE
Geographic area code n-us---
-- n-us-ny
050 00 - LIBRARY OF CONGRESS CALL NUMBER
Classification number PS3513.I468
Item number Z52
080 ## - UNIVERSAL DECIMAL CLASSIFICATION NUMBER
Universal Decimal Classification number 92
Item number G-45
082 00 - DEWEY DECIMAL CLASSIFICATION NUMBER
Classification number 818/.5/209
-- B
100 1# - MAIN ENTRY--PERSONAL NAME
Personal name Gill, Brendan,
Dates associated with a name 1914-1997.
245 10 - TITLE STATEMENT
Title Here at the New Yorker /
Statement of responsibility, etc. Brendan Gill.
Remainder of title / by: Random House
250 ## - EDITION STATEMENT
Edition statement 1st edition
260 ## - PUBLICATION, DISTRIBUTION, ETC.
Place of publication, distribution, etc. New York :
Name of publisher, distributor, etc. Random House,
Date of publication, distribution, etc. [1975]
300 ## - PHYSICAL DESCRIPTION
Extent 406 p. :
Other physical details ill. ;
Dimensions 25 cm.
500 ## - GENERAL NOTE
General note Autobiographical.
500 ## - GENERAL NOTE
General note Includes index.
600 10 - SUBJECT ADDED ENTRY--PERSONAL NAME
Personal name Gill, Brendan,
Dates associated with a name 1914-1997.
630 00 - SUBJECT ADDED ENTRY--UNIFORM TITLE
Uniform title New Yorker (New York, N.Y. : 1925)
650 #0 - SUBJECT ADDED ENTRY--TOPICAL TERM
Topical term or geographic name entry element Authors, American
Chronological subdivision 20th century
Form subdivision Biography.
650 #0 - SUBJECT ADDED ENTRY--TOPICAL TERM
Topical term or geographic name entry element Biography
9 (RLIN) 237
650 #0 - SUBJECT ADDED ENTRY--TOPICAL TERM
Topical term or geographic name entry element Journalists
Geographic subdivision United States
Form subdivision Biography.
651 #0 - SUBJECT ADDED ENTRY--GEOGRAPHIC NAME
Geographic name New York (N.Y.)
General subdivision Intellectual life
Chronological subdivision 20th century.
653 ## - INDEX TERM--UNCONTROLLED
Uncontrolled term ბიოგრაფია
906 ## - LOCAL DATA ELEMENT F, LDF (RLIN)
a 7
b cbc
c orignew
d 1
e ocip
f 19
g y-gencatlg
942 ## - ADDED ENTRY ELEMENTS (KOHA)
Source of classification or shelving scheme
Koha item type Books
Edition 1
Holdings
Withdrawn status Lost status Source of classification or shelving scheme Damaged status Not for loan Permanent location Current location Date acquired Inventory number Total Checkouts Full call number Barcode Date last seen Price effective from Koha item type
          Ken Walker International University Ken Walker International University 12/21/2020 2115   92 G-45 2115 12/21/2020 12/21/2020 Books

Powered by Koha